000
00286nam a2200121Ia 4500
100
_a
Hardy/H.W
942
_c
BK
654
_a
jig & fixture.
245
_a
Jig & Fixture Details & units.
260
_b
MAchinerys Standard Reference Series
_c
2001
082
_a
621.992
546
_a
ENGLISH
999
_c
17994
_d
17994